| 000 | 00742cam a22002417a 4500 | ||
|---|---|---|---|
| 999 |
_c3156 _d3156 |
||
| 001 | 12988705 | ||
| 003 | OSt | ||
| 005 | 20181025184633.0 | ||
| 008 | 021031s2002 mnu b 000 0 eng | ||
| 010 | _a 2002514854 | ||
| 020 | _a1885904304 (spiralbound) | ||
| 040 |
_aDLC _cDLC |
||
| 050 | 0 | 0 | _aMLCM 2006/05492 (B) |
| 082 |
_a241.6 _bC635P |
||
| 100 | 1 | _aCleveland, Mike. | |
| 245 | 1 | 0 |
_aPure freedom : _bbreaking the addiction to pornography / _cMike Cleveland. |
| 260 |
_aBemidji, Minn. : _bFocus Pub., _cc2002. |
||
| 300 |
_a192 p. ; _c29 cm. |
||
| 504 | _aIncludes bibliographical references (p. 187). | ||
| 906 |
_a7 _bcbc _corignew _d3 _encip _f20 _gy-gencatlg |
||
| 942 |
_2ddc _cBK |
||